00817nam a2200229 a 450000100100000000500170001000800410002702000150006808200150008310000420009824501100014025000120025026000300026230000230029250400510031565000140036665000220038065000120040290100150041499900150042995201430044400003488920200120222229.0090404s1985 ck ad gr 000 0 spa d a958040123304a649.3bC170 aCarvajal de Guerrero, María Eugenia13aLa alegría de amamantar :bguía práctica para la lactancia /cMaría Eugenia Carvajal de Guerrero. a1a. ed. aBogotá :bNorma,c1985. a202 p. :bil. fot. aIncluye : bibliografía e índice temático14aLactancia14aLactancia materna14aDestete aDonación c1986d1986 00102ddc40708GENaBPMOSbBPMOSd2020-01-20i106637l2o649.3 C17pMOS004239r2025-05-27s2025-05-13tej.1w2020-01-20yBKzOcho días